[Event "EU-ch Hybrid U12"]
[Site "Tornelo INT"]
[Date "2021.10.15"]
[Round "9"]
[White "Mehtizada, Murad"]
[Black "Bilik, Matej"]
[Result "1-0"]
[WhiteElo "1486"]
[BlackElo "1358"]
[PlyCount "71"]
[EventDate "2021.10.15"]
[EventType "swiss"]
[EventRounds "9"]
[EventCountry "NET"]
[SourceTitle "EXT 2023"]
[Source "ChessBase"]
[SourceDate "2022.10.05"]
[SourceVersion "1"]
[SourceVersionDate "2022.10.05"]
[SourceQuality "1"]
[WhiteTeam "Azerbaijan"]
[BlackTeam "Slovakia"]
[WhiteTeamCountry "AZE"]
[BlackTeamCountry "SVK"]

1. e4 e5 2. Nf3 Nc6 3. Bc4 Nf6 4. d3 Be7 5. 0-0 0-0 6. Nc3 Na5 7. Bb3 d6 8. h3 c5 9. Nh2 a6 10. f4 Qc7 11. f5 h6 12. Ng4 Nxg4 13. Qxg4 Kh7 14. Qh5 Nxb3 15. axb3 Bf6 16. Nd5 Qd8 17. Bd2 b6 18. Nxf6+ Qxf6 19. g4 Kg8 20. g5 g6 21. gxf6 gxh5 22. Bxh6 Rd8 23. Kf2 Kh7 24. Bg7 d5 25. Rg1 dxe4 26. dxe4 Rd2+ 27. Kf3 Rh2 28. Rg5 Rxh3+ 29. Kg2 Rh4 30. Kg3 Rg4+ 31. Rxg4 Kg8 32. Rh1 Bxf5 33. exf5 Rd8 34. Rxh5 Rd3+ 35. cxd3 e4 36. Rh8# 1-0

[Event "EU-ch U10"]
[Site "Bratislava"]
[Date "2019.08.09"]
[Round "8"]
[White "Mehtizada, Murad"]
[Black "Deladerriere, Apollo"]
[Result "1-0"]
[WhiteElo "1513"]
[BlackElo "1690"]
[PlyCount "111"]
[EventDate "2019.08.02"]
[EventType "swiss"]
[EventRounds "9"]
[EventCountry "SVK"]
[SourceTitle "EXT 2020"]
[Source "ChessBase"]
[SourceDate "2019.10.17"]
[SourceVersion "1"]
[SourceVersionDate "2019.10.17"]
[SourceQuality "1"]

1. d4 Nf6 2. Bf4 d5 3. Nf3 e6 4. e3 Bd6 5. Bg3 0-0 6. Bd3 c5 7. c3 Qc7 8. Nbd2 Nbd7 9. 0-0 Bxg3 10. hxg3 e5 11. e4 Re8 12. Re1 Qd6 13. exd5 Qxd5 14. Bc4 Qd6 15. Qb3 Re7 16. Ng5 Qb6 17. Bxf7+ Kf8 18. Bc4 Qxb3 19. Bxb3 Ke8 20. Nc4 Nf8 21. Nd6+ Kd8 22. dxe5 Ne8 23. Ngf7+ Kc7 24. Rad1 Be6 25. Nxe8+ Raxe8 26. Nd6 Ra8 27. c4 Nd7 28. Bc2 g6 29. f4 Nb6 30. b3 a6 31. Be4 Rb8 32. Bf3 Nc8 33. g4 Na7 34. f5 Bg8 35. f6 Rd7 36. Nxb7 Rxd1 37. Rxd1 Nc6 38. Nxc5 Rb6 39. e6 Ne5 40. f7 Bxf7 41. exf7 Nxf7 42. Rd7+ Kc8 43. Rxf7 h5 44. Bb7+ Kd8 45. Bxa6 hxg4 46. Bb5 g3 47. Nb7+ Kc8 48. c5 Rxb5 49. Nd6+ Kb8 50. Nxb5 g5 51. c6 g4 52. c7+ Kb7 53. Nd6+ Kb6 54. c8Q Ka5 55. Ra7+ Kb6 56. Qc7# 1-0